000 00894nam a2200157Ia 4500
008 090124s9999 xx 000 0 und d
082 _b134798
245 _a जनमान्य लोकमान्य (लोकमान्य टिळक महानगर पालिका सर्वसाधारण रुग्णालय)
250 _a1
260 _bहाड्ये ऋतुजा
_c2007
300 _a101
630 _a जनमान्य लोकमान्य (लोकमान्य टिळक महानगर पालिका सर्वसाधारण रुग्णालय)
700 _aहाड्ये ऋतुजा
730 _a जनमान्य लोकमान्य (लोकमान्य टिळक महानगर पालिका सर्वसाधारण रुग्णालय)
942 _cBOOK
999 _c194150
_d194150